Non-penal methods of dealing with crime: a case study of state mini lottery as a measure of curring matka gambling in Maharashtra (Record no. 501267)

000 -LEADER
fixed length control field 00575cam a22001577a 4500
008 - FIXED-LENGTH DATA ELEMENTS--GENERAL INFORMATION
fixed length control field 180718b1983 xxu||||| |||| 00| 0 eng d
082 ## - DEWEY DECIMAL CLASSIFICATION NUMBER
Classification number APPPA 82-83 SIN
100 ## - MAIN ENTRY--PERSONAL NAME
Personal name Singaravel, T.
245 ## - TITLE STATEMENT
Title Non-penal methods of dealing with crime: a case study of state mini lottery as a measure of curring matka gambling in Maharashtra
Statement of responsibility, etc. by T. Singaravel
260 ## - PUBLICATION, DISTRIBUTION, ETC.
Place of publication, distribution, etc. New Delhi
Name of publisher, distributor, etc. Indian Institute of Public Administration
Date of publication, distribution, etc. 1983
300 ## - PHYSICAL DESCRIPTION
Extent 121p.
650 ## - SUBJECT ADDED ENTRY--TOPICAL TERM
Topical term or geographic name entry element Curring matka gambling-Maharashtra
650 ## - SUBJECT ADDED ENTRY--TOPICAL TERM
Topical term or geographic name entry element State mini lottery
650 ## - SUBJECT ADDED ENTRY--TOPICAL TERM
Topical term or geographic name entry element Crime
650 ## - SUBJECT ADDED ENTRY--TOPICAL TERM
Topical term or geographic name entry element Non-penal methods
Holdings
Withdrawn status Lost status Damaged status Not for loan Permanent Location Current Location Date acquired Full call number Barcode Date last seen Price effective from Koha item type
        Indian Institute of Public Administration Indian Institute of Public Administration 2018-08-04 APPPA 82-83 SIN GR11161 2018-08-04 2018-08-04 GR

Powered by Koha